'Wood' Things Quiz Stats

 Plays Quiz Updated Sep 18, 2018

Score 0/18 Timer 04:00
2 Plays Today
% Correct
Woodpecker
98.7%
Tiger Woods
96.4%
Wood glue
91.2%
Woodstock
89.8%
Knock on wood
87.1%
Wood Stove
77.9%
Sheriff Woody
75.1%
Woodchuck
73.1%
Woodrow Wilson
72%
% Correct
Hollywood
70%
Elijah Wood
64.2%
Natalie Wood
54.4%
Hundred Acre Wood
53.5%
Woodwind Instruments
45.1%
Into the Woods
42.1%
Deadwood
38%
Plywood
37.3%
Woody Guthrie
36.4%

You're not logged in!

Compare scores with friends on all Sporcle quizzes.
OR
Log In

Sporcle TV

Today on Sporcle TV


Watch our educational content, quiz creation guides, and fun videos on Sporcle TV.

Show Comments

Extras

Top Quizzes Today


Score Distribution

Your Account Isn't Verified!

In order to create a playlist on Sporcle, you need to verify the email address you used during registration. Go to your Sporcle Settings to finish the process.

Report this User

Report this user for behavior that violates our Community Guidelines.

Details: